Trouve les faux noms de rappeurs US - Statistiques

Statistiques générales
  • Ce quiz a été pris 537 fois
  • Le résultat moyen est 3 sur 16
Answers on the Grid
Answers color-coded by a green-red scale on the quiz's grid according to % correct below.
Joyner Lucas
Lil goating
Lil uzi vert
Snap dogg
Travis scrott
Lil luigi
The LA kid 98
Lil man j
Ariana grande
Cochise
J-x-an
Lil lil
Lil b
Poor the kid
Juice WRlD
Gotaga
NF
Pimp C
Loucas layn
BCR meezle
Jacquees
Antonio paribas
Lil xan
Tragic scott
Douglas bones
Lil eazzyy
Mario judah
Foolio
Young bassem
Lil thug O
 
Statistiques - réponses
Réponse % Correct
Lil goating
56%
Travis scrott
39%
Lil luigi
22%
Gotaga
21%
Tragic scott
19%
Juice WRlD
14%
Lil lil
14%
Lil thug O
13%
Ariana grande
12%
Poor the kid
12%
Young bassem
12%
The LA kid 98
9%
J-x-an
7%
Antonio paribas
4%
Douglas bones
3%
Loucas layn
2%
Aucun quiz correspondant
Distribution des résultats
% des personnes avec chaque résultat
Percentile par nombre de réponses
Votre historique - résultats
Vous n’avez pas pris ce quiz